Europa League Winneres - Statistics

General Stats
  • This quiz has been taken 289 times
  • The average score is 34 of 52
Answer Stats
Year Answer % Correct
2006 Sevilla
96%
2007 Sevilla
96%
2014 Sevilla
96%
2015 Sevilla
96%
2016 Sevilla
96%
2020 Sevilla
96%
2023 Sevilla
96%
2017 Manchester United
93%
2013 Chelsea
91%
2019 Chelsea
91%
2010 Atletico Madrid
84%
2012 Atletico Madrid
84%
2018 Atletico Madrid
84%
1991 Inter Milan
83%
1994 Inter Milan
83%
1998 Inter Milan
83%
1973 Liverpool
80%
1976 Liverpool
80%
2001 Liverpool
80%
1977 Juventus
79%
1990 Juventus
79%
1993 Juventus
79%
1992 Ajax
77%
1980 Eintracht Frankfurt
74%
2022 Eintracht Frankfurt
74%
2003 Porto
74%
2011 Porto
74%
1985 Real Madrid
73%
1986 Real Madrid
73%
1996 Bayern Munchen
69%
2021 Villarreal
69%
1978 PSV Eindhoven
67%
1972 Tottenham Hotspur
64%
1984 Tottenham Hotspur
64%
1974 Feyenoord
62%
2002 Feyenoord
62%
1989 Napoli
54%
2004 Valencia
52%
2008 Zenit St. Petersburgo
44%
2000 Galatasaray
42%
1997 Schalke 04
36%
1988 Bayer 04 Leverkusen
35%
1995 Parma
31%
1999 Parma
31%
2005 CSKA Moscow
29%
1975 Borussia Mönchengladbach
27%
1979 Borussia Mönchengladbach
27%
1983 Anderlecht
25%
2009 Shakhtar Donestk
25%
1987 IFK Göteborg
19%
1882 IFK Göteborg
19%
1981 Ipswich Town
16%
No matching quizzes found
Score Distribution
Percent of People with Each Score
Percentile by Number Answered
Your Score History
You have not taken this quiz